<?xml version="1.0" encoding="UTF-8"?>
<record
    xmlns:xsi="http://www.w3.org/2001/XMLSchema-instance"
    xsi:schemaLocation="http://www.loc.gov/MARC21/slim http://www.loc.gov/standards/marcxml/schema/MARC21slim.xsd"
    xmlns="http://www.loc.gov/MARC21/slim">

  <leader>01756nam a22002897a 4500</leader>
  <controlfield tag="001">8320</controlfield>
  <controlfield tag="003">FISKH</controlfield>
  <controlfield tag="005">20250909091937.0</controlfield>
  <controlfield tag="008">250909b        cb ||||| |||| 00| 0 eng d</controlfield>
  <datafield tag="020" ind1=" " ind2=" ">
    <subfield code="a">9789996301926</subfield>
  </datafield>
  <datafield tag="040" ind1=" " ind2=" ">
    <subfield code="a">FISKH</subfield>
    <subfield code="b">khr </subfield>
    <subfield code="c">FISKH</subfield>
    <subfield code="d">FISKH</subfield>
  </datafield>
  <datafield tag="050" ind1=" " ind2=" ">
    <subfield code="a">PZ7 </subfield>
  </datafield>
  <datafield tag="082" ind1=" " ind2=" ">
    <subfield code="a">398.2</subfield>
  </datafield>
  <datafield tag="100" ind1=" " ind2=" ">
    <subfield code="a">Pisey, Pol </subfield>
  </datafield>
  <datafield tag="245" ind1=" " ind2=" ">
    <subfield code="a">&#x1799;&#x1780;&#x17D2;&#x179F;&#x1780;&#x17D2;&#x1794;&#x17B6;&#x179B;&#x1786;&#x17D2;&#x1798;&#x17B6; : </subfield>
    <subfield code="b">Cat-headed giant / </subfield>
  </datafield>
  <datafield tag="260" ind1=" " ind2=" ">
    <subfield code="a">Phnom Penh : </subfield>
    <subfield code="b">Reading Books, </subfield>
    <subfield code="c">2013. </subfield>
  </datafield>
  <datafield tag="300" ind1=" " ind2=" ">
    <subfield code="a">20 pages : </subfield>
    <subfield code="b">color illustrations ; </subfield>
    <subfield code="c">25 cm </subfield>
  </datafield>
  <datafield tag="505" ind1=" " ind2=" ">
    <subfield code="a">L
</subfield>
  </datafield>
  <datafield tag="520" ind1=" " ind2=" ">
    <subfield code="a">&#x1799;&#x1780;&#x17D2;&#x179F;&#x1780;&#x17D2;&#x1794;&#x17B6;&#x179B;&#x1786;&#x17D2;&#x1798;&#x17B6; &#x1787;&#x17B6;&#x179A;&#x17BF;&#x1784;&#x1796;&#x17D2;&#x179A;&#x17C1;&#x1784;&#x1794;&#x17D2;&#x179A;&#x1787;&#x17B6;&#x1794;&#x17D2;&#x179A;&#x17B7;&#x1799;&#x1780;&#x1798;&#x17D2;&#x1796;&#x17BB;&#x1787;&#x17B6; &#x17A2;&#x17C6;&#x1796;&#x17B8;&#x1799;&#x1780;&#x17D2;&#x179F;&#x1798;&#x17BD;&#x1799;&#x178A;&#x17C2;&#x179B;&#x1798;&#x17B6;&#x1793;&#x1780;&#x17D2;&#x1794;&#x17B6;&#x179B;&#x1786;&#x17D2;&#x1798;&#x17B6; &#x17A0;&#x17BE;&#x1799;&#x179C;&#x17B6;&#x1794;&#x17C6;&#x1795;&#x17D2;&#x179B;&#x17B6;&#x1789;&#x1797;&#x17BC;&#x1798;&#x17B7;&#x17D4; &#x1794;&#x17D2;&#x179A;&#x1787;&#x17B6;&#x1787;&#x1793;&#x1793;&#x17C5;&#x1780;&#x17D2;&#x1793;&#x17BB;&#x1784;&#x1797;&#x17BC;&#x1798;&#x17B7;&#x1797;&#x17D0;&#x1799;&#x1781;&#x17D2;&#x179B;&#x17B6;&#x1785; &#x179A;&#x17A0;&#x17BC;&#x178F;&#x178A;&#x179B;&#x17CB;&#x1798;&#x17B6;&#x1793;&#x179C;&#x17B8;&#x179A;&#x1794;&#x17BB;&#x179A;&#x179F;&#x1798;&#x17D2;&#x1793;&#x17B6;&#x1780;&#x17CB;&#x1794;&#x17D2;&#x179A;&#x17BE;&#x1794;&#x17D2;&#x179A;&#x17B6;&#x179F;&#x17CB;&#x1794;&#x17D2;&#x179A;&#x17B6;&#x1787;&#x17D2;&#x1789;&#x17B6; &#x1793;&#x17B7;&#x1784;&#x1799;&#x17BB;&#x1791;&#x17D2;&#x1792;&#x179C;&#x17B7;&#x1792;&#x17B8;&#x178A;&#x17BE;&#x1798;&#x17D2;&#x1794;&#x17B8;&#x1788;&#x17D2;&#x1793;&#x17C7;&#x1799;&#x1780;&#x17D2;&#x179F;&#x17D4; &#x178F;&#x17B6;&#x1798;&#x179A;&#x1799;&#x17C8;&#x1780;&#x1798;&#x17D2;&#x179B;&#x17B6;&#x17C6;&#x1784;&#x1785;&#x17B7;&#x178F;&#x17D2;&#x178F;&#x17A0;&#x17D2;&#x1798;&#x178F;&#x17CB; &#x1793;&#x17B7;&#x1784;&#x179F;&#x17A0;&#x1780;&#x17B6;&#x179A;&#x1782;&#x17D2;&#x1793;&#x17B6; &#x1794;&#x17D2;&#x179A;&#x1787;&#x17B6;&#x1787;&#x1793;&#x1794;&#x17B6;&#x1793;&#x1791;&#x1791;&#x17BD;&#x179B;&#x1787;&#x17D0;&#x1799;&#x1787;&#x17C6;&#x1793;&#x17C7;&#x179B;&#x17BE;&#x1799;&#x1780;&#x17D2;&#x179F;&#x17D4; </subfield>
  </datafield>
  <datafield tag="520" ind1=" " ind2=" ">
    <subfield code="a">Cat-Headed Giant is a Cambodian folktale about a fearsome giant with the head of a cat who terrorizes a village. The villagers live in fear until a clever hero comes up with a plan to defeat the giant. Through bravery, wit, and cooperation, the villagers are able to overcome the monster.</subfield>
  </datafield>
  <datafield tag="521" ind1="8" ind2=" ">
    <subfield code="a">510

</subfield>
    <subfield code="b">Lexile estimate
</subfield>
  </datafield>
  <datafield tag="521" ind1="8" ind2=" ">
    <subfield code="a">L
</subfield>
    <subfield code="b">Raz-Plus
</subfield>
  </datafield>
  <datafield tag="650" ind1=" " ind2=" ">
    <subfield code="a">&#x1799;&#x1780;&#x17D2;&#x179F; </subfield>
  </datafield>
  <datafield tag="650" ind1=" " ind2=" ">
    <subfield code="a">Giant </subfield>
  </datafield>
  <datafield tag="942" ind1=" " ind2=" ">
    <subfield code="2">ddc</subfield>
    <subfield code="c">KHB</subfield>
    <subfield code="n">0</subfield>
  </datafield>
  <datafield tag="999" ind1=" " ind2=" ">
    <subfield code="c">8320</subfield>
    <subfield code="d">8320</subfield>
  </datafield>
  <datafield tag="952" ind1=" " ind2=" ">
    <subfield code="0">0</subfield>
    <subfield code="1">0</subfield>
    <subfield code="2">ddc</subfield>
    <subfield code="4">0</subfield>
    <subfield code="7">0</subfield>
    <subfield code="8">Khmer-English Bilingual </subfield>
    <subfield code="a">001</subfield>
    <subfield code="b">001</subfield>
    <subfield code="c">OKHR</subfield>
    <subfield code="d">2025-09-09</subfield>
    <subfield code="l">0</subfield>
    <subfield code="o">PIS 398.2 PZ7 </subfield>
    <subfield code="p">FISTK04593</subfield>
    <subfield code="r">2025-09-09 09:19:35</subfield>
    <subfield code="t">1</subfield>
    <subfield code="w">2025-09-09</subfield>
    <subfield code="y">KHB</subfield>
  </datafield>
  <datafield tag="952" ind1=" " ind2=" ">
    <subfield code="0">0</subfield>
    <subfield code="1">0</subfield>
    <subfield code="2">ddc</subfield>
    <subfield code="4">0</subfield>
    <subfield code="7">0</subfield>
    <subfield code="8">Khmer-English Bilingual </subfield>
    <subfield code="a">002</subfield>
    <subfield code="b">002</subfield>
    <subfield code="c">TTP Khmer</subfield>
    <subfield code="d">2025-10-03</subfield>
    <subfield code="l">0</subfield>
    <subfield code="o">PIS 398.2 PZ7 </subfield>
    <subfield code="p">FIS05025</subfield>
    <subfield code="r">2025-10-03 16:28:58</subfield>
    <subfield code="t">2</subfield>
    <subfield code="w">2025-10-03</subfield>
    <subfield code="y">KHB</subfield>
  </datafield>
  <datafield tag="952" ind1=" " ind2=" ">
    <subfield code="0">0</subfield>
    <subfield code="1">0</subfield>
    <subfield code="2">ddc</subfield>
    <subfield code="4">0</subfield>
    <subfield code="7">0</subfield>
    <subfield code="8">Khmer-English Bilingual </subfield>
    <subfield code="a">002</subfield>
    <subfield code="b">002</subfield>
    <subfield code="c">TTP Khmer</subfield>
    <subfield code="d">2025-10-23</subfield>
    <subfield code="l">0</subfield>
    <subfield code="o">PIS 398.2 PZ7 </subfield>
    <subfield code="p">2025-4717</subfield>
    <subfield code="r">2025-10-23 13:14:58</subfield>
    <subfield code="t">3</subfield>
    <subfield code="w">2025-10-23</subfield>
    <subfield code="y">KHB</subfield>
  </datafield>
  <datafield tag="952" ind1=" " ind2=" ">
    <subfield code="0">0</subfield>
    <subfield code="1">0</subfield>
    <subfield code="2">ddc</subfield>
    <subfield code="4">0</subfield>
    <subfield code="7">0</subfield>
    <subfield code="8">Khmer-English Bilingual </subfield>
    <subfield code="a">002</subfield>
    <subfield code="b">002</subfield>
    <subfield code="c">TTP Khmer</subfield>
    <subfield code="d">2025-10-23</subfield>
    <subfield code="l">1</subfield>
    <subfield code="o">PIS 398.2 PZ7 </subfield>
    <subfield code="p">FIS05027</subfield>
    <subfield code="q">2026-04-17</subfield>
    <subfield code="r">2026-04-03 14:56:29</subfield>
    <subfield code="s">2026-04-03</subfield>
    <subfield code="t">4</subfield>
    <subfield code="w">2025-10-23</subfield>
    <subfield code="y">KHB</subfield>
  </datafield>
  <datafield tag="952" ind1=" " ind2=" ">
    <subfield code="0">0</subfield>
    <subfield code="1">0</subfield>
    <subfield code="2">ddc</subfield>
    <subfield code="4">0</subfield>
    <subfield code="7">0</subfield>
    <subfield code="8">Khmer-English Bilingual </subfield>
    <subfield code="a">002</subfield>
    <subfield code="b">002</subfield>
    <subfield code="c">TTP Khmer</subfield>
    <subfield code="d">2025-10-23</subfield>
    <subfield code="l">0</subfield>
    <subfield code="o">PIS 398.2 PZ7 </subfield>
    <subfield code="p">FISBK04153</subfield>
    <subfield code="r">2025-10-23 13:15:47</subfield>
    <subfield code="t">5</subfield>
    <subfield code="w">2025-10-23</subfield>
    <subfield code="y">KHB</subfield>
  </datafield>
  <datafield tag="952" ind1=" " ind2=" ">
    <subfield code="0">0</subfield>
    <subfield code="1">0</subfield>
    <subfield code="2">ddc</subfield>
    <subfield code="4">0</subfield>
    <subfield code="7">0</subfield>
    <subfield code="8">Khmer-English Bilingual </subfield>
    <subfield code="a">002</subfield>
    <subfield code="b">002</subfield>
    <subfield code="c">TTP Khmer</subfield>
    <subfield code="d">2025-11-27</subfield>
    <subfield code="l">0</subfield>
    <subfield code="o">PIS 398.2 PZ7 </subfield>
    <subfield code="p">2025-4970</subfield>
    <subfield code="r">2025-11-27 15:31:13</subfield>
    <subfield code="t">6</subfield>
    <subfield code="w">2025-11-27</subfield>
    <subfield code="y">KHB</subfield>
  </datafield>
</record>
